Megbizás
Správa o tom, že v októbri 1908 prebiehajú prípravné práce na výstavbe železničnej trate Humenné-Stakčín. Za dozorcu bol vymenovaný Ondrej (Andor) Nascák, ktorý pochádza z Humenného a pracuje tu ako inžinier uhorských štátnych železníc.
| Médium: | Článok |
|---|---|
| Jazyk: | Hungarian |
| Témy: | |
| Zdroj: |
1. Felvidéki Hirlap : Közgazdasági, társadalmi és szépirodalmi hetilap 1. Roč. 1, č. 32 (25.10.1908) s. 2 |
| LEADER | 01118nab#a2200313#ar4500 | ||
|---|---|---|---|
| 001 | 000072989 | ||
| 003 | SVKKK | ||
| 005 | 20030605xxxxxxx. | ||
| 008 | 06 c xo huno | ||
| FMT | |||
| 038 | |a SVKKK | ||
| 040 | |a SVKKK |b slo |e AACR2 | ||
| 041 | 0 | |a hun | |
| 044 | |a xo |c SK | ||
| 080 | |a 656.2 | ||
| 242 | 1 | 0 | |a Poverenie |
| 245 | 0 | 0 | |a Megbizás |
| 500 | |a mikrofilm | ||
| 520 | 2 | |a Správa o tom, že v októbri 1908 prebiehajú prípravné práce na výstavbe železničnej trate Humenné-Stakčín. Za dozorcu bol vymenovaný Ondrej (Andor) Nascák, ktorý pochádza z Humenného a pracuje tu ako inžinier uhorských štátnych železníc. | |
| 650 | 0 | 4 | |a trate železničné - Humenné-Stakčín - práce prípravné - dozorca (funkcia) - Nascák, Ondrej (inžinier železničný) - Humenné - október 1908 - správy |
| 773 | 0 | |t Felvidéki Hirlap : Közgazdasági, társadalmi és szépirodalmi hetilap |g Roč. 1, č. 32 (25.10.1908) s. 2 | |
| 957 | |a Humenné | ||
| 957 | |a Stakčín | ||
| 958 | |a DG | ||
| 958 | |a SK | ||
| 974 | |a Ba |d 20030605 | ||
| 992 | |a RBX | ||
| BAS | |||
| 998 | |a RETRO | ||